| 000 | 00513nam a22001937a 4500 | ||
|---|---|---|---|
| 005 | 20230610112005.0 | ||
| 008 | 230610b ||||| |||| 00| 0 eng d | ||
| 020 | _a9789381485248 | ||
| 040 |
_aIN-DiNC _cIN-DiNC |
||
| 041 | _dasm | ||
| 082 |
_a920 _bBAR |
||
| 100 |
_aBarman, Sivanath _eauthor |
||
| 245 |
_aViswar varenya vigyani/ _cby Sivanath Barman |
||
| 250 | _a4th ed. | ||
| 260 |
_aGuwahati: _bJyoti prakashan, _c2016. |
||
| 300 | _a296p. | ||
| 650 | _aBiography of famous scientist | ||
| 942 |
_2ddc _cBK |
||
| 999 |
_c11558 _d11558 |
||